| 000 | 00844nam a2200193 a 4500 | ||
|---|---|---|---|
| 008 | 090615s1973 ||||||||||||||||| || u | ||
| 050 | _aGOV.ZAM(08)TM/1 | ||
| 100 | _aBhalotra, Y. P. R | ||
| 245 | 1 | 0 |
_aAdverse weather conditions at Lusaka, Ndola and Livingstone and simultaneity of their occurrence _cBy Y. P. R. Bhalotra |
| 260 |
_aLusaka: _bGovernment Printer _c1973 |
||
| 300 | _a72p.: ill. | ||
| 350 | _a0.00 | ||
| 490 | _aZambia Meteorological Department, Technical Memorandum | ||
| 500 | _aTechnical Memorandum No. 1 | ||
| 650 | _aWEATHER FORECASTING--ZAMBIA | ||
| 650 | _aMETEOROLOGY--ZAMBIA | ||
| 710 | _aGovernment of the Republic of Zambia. Meteorological Department | ||
| 995 |
_D0.00 _FCBU-MAIN LIBRARY (Kitwe) _H1 _I0.00 _M1 _UAVAILABLE _WJun 15, 2009 _ZZambiana Collection |
||
| 999 |
_c33626 _d33626 |
||